Missing Word: Martin Lawrence Quiz Stats

 Plays Quiz Updated Apr 18, 2013

Challenge
Share
Tweet
Embed
Score 0/14 Timer 03:00
1 Play Today
Film Missing Word % Correct
A Thin Line Between _____ and HateLove
97.6%
What's the Worst That Could _____?Happen
96.2%
Do The _____ ThingRight
93.4%
College _____ TripRoad
87%
_____ Boys IIBad
85.3%
Death at a _____Funeral
79.8%
Big _____ HouseMomma's
68.1%
Film Missing Word % Correct
_____ to LoseNothing
60.8%
_____ StreakBlue
56.7%
_____ PartyHouse
55.5%
*_____ Season*Open
48.8%
Wild _____Hogs
43%
Welcome Home, _____ JenkinsRoscoe
37.1%
National _____Security
26.4%

Today's Daily Dose

You're not logged in!

Compare scores with friends on all Sporcle quizzes.
Join for Free
OR
Log In

You Might Also Like...

Show Comments

Extras

Top Quizzes Today


Score Distribution

Your Account Isn't Verified!

In order to create a playlist on Sporcle, you need to verify the email address you used during registration. Go to your Sporcle Settings to finish the process.

Report this User

Report this user for behavior that violates our Community Guidelines.

Details: